daybed Lyrics (FKA twigs) - Statistics

General Stats
  • This quiz has been taken 4 times
  • The average score is 91 of 152
Answer Stats
Answer % Correct
daybed
100%
fruit
100%
I
100%
is
100%
my
100%
a
75%
are
75%
father
75%
fingers
75%
flies
75%
Friendly
75%
the
75%
Aching
50%
body
50%
cacti
50%
child)
50%
Childlike
50%
childlike
50%
cunnilingus
50%
Empty
50%
heart
50%
heat,
50%
(Like
50%
Possessive
50%
possessive
50%
Pressing
50%
wishes
50%
Active
25%
answer
25%
Busy
25%
Careful
25%
ceiling
25%
Dirty
25%
dishes
25%
Faux
25%
Fearless
25%
feelings
25%
footsteps
25%
icy
25%
Jaded
25%
listen
25%
Lonely
25%
Many
25%
Only
25%
pastor
25%
Silent
25%
strings
25%
sweet
25%
Twenty
25%
vision
25%
when
25%
Baby
0%
becomes
0%
Blurring
0%
distance,
0%
hoping
0%
horizon
0%
laughter
0%
Lower
0%
nightmares
0%
nowhere,
0%
of
0%
resistance
0%
Rest
0%
silence
0%
Smothered
0%
Telling
0%
thing
0%
Tired
0%
Vacant
0%
yeah
0%
No matching quizzes found
Score Distribution
Percent of People with Each Score
Percentile by Number Answered
Your Score History
You have not taken this quiz